000 00716nam a22002297a 4500
999 _c5077
_d5077
003 AR-CdUCM
008 190311b ||||| |||| 00| 0 spa d
040 _aMUNICIPALIDAD PROVINCIAL DEL CUSCO
_cBIBLIOTECA MUNICIPAL DEL CUSCO
082 _a869.56 /
_bH43
100 _aHernández, Luis
_915472
245 _aVox horrísona /
260 _aLima :
_bAmes,
_c1978.
300 _a312 páginas ;
_c20.5 cm.
500 _aDonación de la familia Nieto.
505 _aContenido: Tomo I
650 _aPoesía peruana - Siglo XX
_914083
650 _aPoetas Peruanos
_91611
650 _aLuis Hernandez - Poemas
_915473
700 _aYerovi, Nicolás (Compilador)
_915474
942 _2ddc
_cLIBROS
945 _alccs